000 00304nam a22000977a 4500
999 _c11191
_d11191
008 181009b ||||| |||| 00| 0 eng d
020 _a9788182966819
100 _aGABA, ROHIT
_96948
245 _aMENTO IN CHEMISTRY - XII
_bIn Question Answer Form (CBSE SYLLABUS)
260 _aNEW DELHI
_bARYA PUBLICATION
_c2018